Santander ante la Historia, o sea, Apuntamientos para las Memorias sobre Colombia y la Nueva Granada. Por el General Santander

Gespeichert in:
Bibliographische Detailangaben
1. Verfasser: Santander, Francisco de Paula (VerfasserIn)
Format: Buch
Sprache:Spanisch
Veröffentlicht: París Imprenta de Walder, calle de Bonaparte, 44 1869
Ausgabe:1a. ed
Schlagworte:
Tags: Tag hinzufügen
Keine Tags, Fügen Sie den ersten Tag hinzu!

MARC

LEADER 00000nam a2200000 a 4500
001 UCJ8300
003 CL-VaPUC
008 070124e18690000FR |||||||||||||||||spa|d
082 0 4 |a 986  |b SAN  |2 21 
100 0 |a Santander, Francisco de Paula  |e author  |9 447604 
245 1 0 |a Santander ante la Historia, o sea, Apuntamientos para las Memorias sobre Colombia y la Nueva Granada. Por el General Santander 
250 |a 1a. ed 
300 |a 124 p 
942 |c BK 
945 |d 20070124 00:00:00  |a rinostro 
260 |a París  |b Imprenta de Walder, calle de Bonaparte, 44  |c 1869 
600 0 |a Bolívar, Simón   |d 1783-1830  |9 265422 
600 0 7 |a LOPEZ, JOSE HILARIO  |2 CL-VaPUC  |9 447559 
650 7 |a HISTORIA DE COLOMBIA  |2 CL-VaPUC  |9 323523 
650 7 |a DOCUMENTOS  |2 CL-VaPUC  |9 366450 
650 0 |a Correspondencia  |9 258963 
651 0 |a Colombia  |9 256424 
583 |a last modification  |c 20070124 00:00:00  |k Rodrigo Vera 
999 |c 324071  |d 324069 
952 |0 0  |1 0  |4 0  |6 986_000000000000000_SAN_1869  |7 0  |8 X  |9 403977  |a FDOBUD  |b FDOBUD  |d 2019-11-22  |i 1075640  |o 986 SAN 1869  |p 1075640  |r 2019-11-22  |w 2019-11-22  |y BK_X  |k BUD